000 00446nam a2200181Ia 4500
001 8343
005 20260306160602.0
008 260306t2003||||xx |||||||||||||| ||spa||
041 _aESP
082 _a370.3
_bC34
100 _aCastillo Arredondo, Santiago
_eAUT
245 0 _aVocabulario de evaluación educativa
260 _c2003
300 _aLXVII, 295 pƔginas :
_c24 cm.
650 _aGEN
654 _aCED
942 _cLIB
_dJUS
_fJUS
_2ddc
_n
999 _c8343
_d8343